Statistics for World Cup 2018 Group A Fixtures

Click here to take the quiz!

General Stats

  • This quiz has been taken 154 times
  • The average score is 9 of 12

Answer Stats

Team's FlagAnswerOpposing Team's Flag% Correct
Russia
100%
Saudi Arabia
88%
Egypt
86%
Uruguay
84%
Russia
83%
Egypt
78%
Uruguay
78%
Saudi Arabia
74%
Uruguay
71%
Russia
70%
Saudi Arabia
63%
Egypt
62%

Score Distribution

Percentile by Number Answered

Percent of People with Each Score

Your Score History

You have not taken this quiz